osu! Top 50 Players in 2016 - Statistics

General Stats
  • This quiz has been taken 4 times
  • The average score is 21 of 50
Answer Stats
Answer % Correct
Cookiezi
100%
Rafis
100%
Vaxei
100%
Angelsim
75%
Dustice
75%
filsdelama
75%
hvick225
75%
_index
75%
Mathi
75%
MouseEasy
75%
Musty
75%
Spare
75%
Wilchq
75%
WubWoofWolf
75%
Axarious
50%
Azer
50%
Beafowl
50%
HappyStick
50%
NerO
50%
Recia
50%
Rohulk
50%
talala
50%
Xilver
50%
Astar
25%
CXu
25%
DoKito
25%
DudsonZ
25%
Elysion
25%
[ Emilia ]
25%
FunOrange
25%
Gayzmcgee
25%
kuu01
25%
Mizuru
25%
Mlaw22
25%
My Aim Sucks
25%
Reimu-Desu
25%
Rucker
25%
Sanze
25%
-T A R U L A S-
25%
Totori
25%
[Toy]
25%
Vettel
25%
-Zirba-
25%
Amamiya
0%
Ceptin
0%
DanyL
0%
kune259
0%
Leaf
0%
- Nikliu -
0%
Totoki
0%
No matching quizzes found
Score Distribution
Percent of People with Each Score
Percentile by Number Answered
Your Score History
You have not taken this quiz